| 000 | 01481nam a2200409 c 4500 | ||
|---|---|---|---|
| 001 | 1229 | ||
| 003 | ES-MaCES | ||
| 005 | 20250121040008.0 | ||
| 008 | 941102s1993 sp ||| | spa d | ||
| 017 |
_aM-36076-1993 _bDL |
||
| 020 | _a8477990891 | ||
| 024 | 7 |
_a378-93-018-1 _2nipo |
|
| 035 | _aCES19980012340m | ||
| 040 |
_aES-MaCES _bspa _cES-MaCES |
||
| 100 | 1 |
_aGaviria Soto, José Luis _913224 |
|
| 245 | 1 | 3 |
_aEl sexo y la clase social como determinantes de los intereses profesionales en el último curso de secundaria _cJosé Luis Gaviria Soto |
| 260 |
_a[Madrid] _bMinisterio de Asuntos Sociales, Instituto de la Mujer _cD.L. 1993 |
||
| 300 |
_a227 p. _c24 cm |
||
| 490 | 1 |
_aEstudios _v38 |
|
| 504 | _aBibliografía: p. 223-227 | ||
| 541 | _cGratuito | ||
| 650 | 4 |
_adiscriminación por razones de sexo _929521 |
|
| 650 | 4 |
_aigualdad de oportunidades en el empleo _930649 |
|
| 650 | 4 |
_amujeres _928657 |
|
| 650 | 4 |
_aclase social _927296 |
|
| 650 | 4 |
_aoportunidades de educación _927181 |
|
| 650 | 4 |
_aoportunidades de formación _929973 |
|
| 650 | 4 |
_apreparación para una carrera _929278 |
|
| 650 | 4 |
_aaspiración profesional _929958 |
|
| 650 | 4 |
_ainvestigación sociológica _927260 |
|
| 653 | 1 | 0 | _aCiencias Sociales-Políticas |
| 710 | 2 |
_aInstituto de la Mujer (España) _eed. _94190 |
|
| 830 | 0 |
_aEstudios (Instituto de la Mujer (España)) _v38 _932074 |
|
| 902 | _aLIB Libro | ||
| 942 |
_2CES _cBK _h7.0. |
||
| 999 |
_c1229 _d1229 |
||